Urban economics : theory, development and planning

Bibliographic Details
Other Authors: Dean, Robert D, Leathy, William H., McKee, David L.
Format: Book
Published: London : The Free Press , 1970
Subjects:

MARC

LEADER 00000cam a2200000 7i4500
001 0000009572
005 20161018.0
040 |a INS 
090 0 0 |a HT321   |b L4 1970 
245 1 0 |a Urban economics :   |b theory, development and planning   |c edited by William H. Leahy, David L. McKee, Robert D. Dean 
260 |a London :   |b The Free Press ,   |c 1970 
300 |a 339p ;   |c 23cm. 
500 |a Includes index 
650 0 0 |a Urban economic 
700 1 |a Dean, Robert D 
700 1 |a Leathy, William H. 
700 1 |a McKee, David L. 
999 |a 0000023919   |b BOOK   |c Open Shelf   |e Default branch